[Event "Jastrzebie Zdroj op"]
[Site "Jastrzebie Zdroj"]
[Date "2019.08.13"]
[Round "2"]
[White "Adamczyk, Piotr"]
[Black "Khamitskiy, Sergei"]
[Result "0-1"]
[WhiteElo "1838"]
[BlackElo "2243"]
[PlyCount "93"]
[EventDate "2019.08.12"]
[EventType "swiss"]
[EventRounds "9"]
[EventCountry "POL"]
[SourceTitle "CBM 191 Extra"]
[Source "ChessBase"]
[SourceDate "2019.09.30"]
[SourceVersion "1"]
[SourceVersionDate "2019.09.30"]
[SourceQuality "1"]

1. d4 d5 2. Nf3 Nf6 3. e3 Bg4 4. Be2 e6 5. Ne5 Bxe2 6. Qxe2 Nbd7 7. Nxd7 Qxd7 8. Nd2 Bd6 9. e4 dxe4 10. Nxe4 Nxe4 11. Qxe4 Qb5 12. Bd2 Qxb2 13. 0-0 Qb5 14. Rab1 Qc6 15. Qxc6+ bxc6 16. Rb7 Kd7 17. Rfb1 c5 18. Be3 c4 19. Kf1 a6 20. a4 Kc6 21. Ke2 Kd5 22. g3 Rhc8 23. c3 f6 24. Bf4 g5 25. Bxd6 Kxd6 26. Ke3 h5 27. f4 gxf4+ 28. gxf4 Rg8 29. R7b2 Rg4 30. Rf2 Rag8 31. Rb4 Kd5 32. Rb7 R8g7 33. Ra7 c5 34. Rxa6 cxd4+ 35. cxd4 Rb7 36. Ra5+ Kd6 37. Rb5 Rxb5 38. axb5 Rg1 39. Rc2 Rb1 40. Rxc4 Rxb5 41. h4 Rb3+ 42. Ke2 Rh3 43. Rc5 f5 44. Re5 Rxh4 45. d5 Rxf4 46. Rxe6+ Kxd5 47. Rh6 0-1

[Event "Jastrzebie Zdroj op"]
[Site "Jastrzebie Zdroj"]
[Date "2019.08.12"]
[Round "1"]
[White "Khamitskiy, Sergei"]
[Black "Szymanski, Wojciech"]
[Result "1-0"]
[WhiteElo "2243"]
[BlackElo "1500"]
[PlyCount "63"]
[EventDate "2019.08.12"]
[EventType "swiss"]
[EventRounds "9"]
[EventCountry "POL"]
[SourceTitle "CBM 191 Extra"]
[Source "ChessBase"]
[SourceDate "2019.09.30"]
[SourceVersion "1"]
[SourceVersionDate "2019.09.30"]
[SourceQuality "1"]

1. d4 d5 2. c4 c6 3. Nf3 Nf6 4. Nc3 e6 5. g3 Nbd7 6. Qd3 Bb4 7. Bg2 Qc7 8. 0-0 0-0 9. Bf4 Bd6 10. Bxd6 Qxd6 11. Rfd1 Re8 12. e3 b6 13. e4 Nxe4 14. Nxe4 dxe4 15. Qxe4 Nf6 16. Qc2 Bb7 17. b4 Qc7 18. c5 b5 19. a4 a6 20. Rab1 h6 21. Ne5 Nd5 22. Re1 a5 23. axb5 Nxb4 24. Qe4 f6 25. b6 Qc8 26. Nc4 Ba6 27. Nd6 Bd3 28. Qe3 Qa6 29. Rxb4 axb4 30. Bxc6 Re7 31. Bxa8 b3 32. b7 1-0

[Event "Poznan op 26th"]
[Site "Poznan"]
[Date "2018.08.21"]
[Round "4"]
[White "Khamitskiy, Sergei"]
[Black "Chojnacki, Krzysztof"]
[Result "0-1"]
[WhiteElo "2233"]
[BlackElo "2352"]
[PlyCount "58"]
[EventDate "2018.08.19"]
[EventType "swiss"]
[EventRounds "9"]
[EventCountry "POR"]
[SourceTitle "CBM 186 Extra"]
[Source "ChessBase"]
[SourceDate "2018.08.24"]
[SourceVersion "1"]
[SourceVersionDate "2018.08.24"]
[SourceQuality "1"]

1. d4 Nf6 2. c4 g6 3. Nc3 Bg7 4. e4 d6 5. h3 0-0 6. Nf3 e5 7. d5 Nh5 8. g3 Na6 9. Be2 f5 10. exf5 gxf5 11. Ng5 Nf6 12. g4 Qe7 13. Rg1 c6 14. Qc2 e4 15. gxf5 Bxf5 16. Be3 Kh8 17. Qd2 cxd5 18. cxd5 Rac8 19. Bg4 Bxg4 20. hxg4 Nb4 21. Ne6 Nd3+ 22. Ke2 Nxd5 23. Nxf8 Nxc3+ 24. bxc3 Qxf8 25. Rg3 Bxc3 26. Qd1 d5 27. Rc1 Nxc1+ 28. Bxc1 d4 29. Qb3 d3+ 0-1

[Event "Poznan op 26th"]
[Site "Poznan"]
[Date "2018.08.20"]
[Round "3"]
[White "Kaluzny, Lukasz"]
[Black "Khamitskiy, Sergei"]
[Result "0-1"]
[WhiteElo "1943"]
[BlackElo "2233"]
[PlyCount "106"]
[EventDate "2018.08.19"]
[EventType "swiss"]
[EventRounds "9"]
[EventCountry "POR"]
[SourceTitle "CBM 186 Extra"]
[Source "ChessBase"]
[SourceDate "2018.08.24"]
[SourceVersion "1"]
[SourceVersionDate "2018.08.24"]
[SourceQuality "1"]

1. d4 d5 2. Bf4 Nf6 3. Nf3 c5 4. c3 Nc6 5. h3 Qb6 6. Qb3 c4 7. Qxb6 axb6 8. g4 b5 9. Ne5 e6 10. Bg2 b4 11. Nxc6 bxc6 12. 0-0 Be7 13. cxb4 Bxb4 14. Bd2 c5 15. e3 0-0 16. dxc5 Bxc5 17. Bc3 Ba6 18. Nd2 Rab8 19. Rfd1 h6 20. Bf3 Rfd8 21. Be5 Bd6 22. Bc3 Bb4 23. Be5 Rbc8 24. Rac1 Nd7 25. Bc3 Rb8 26. e4 Bxc3 27. bxc3 Nc5 28. exd5 exd5 29. Rb1 Na4 30. Rdc1 Rxb1 31. Nxb1 Bc8 32. Nd2 Be6 33. Nf1 Kf8 34. Ne3 Ke7 35. Bd1 Nc5 36. Bf3 Kd6 37. Rb1 Na4 38. Nd1 Ra8 39. Kf1 Nc5 40. Rb2 Ra3 41. Rc2 h5 42. Ke2 Na4 43. Ke3 Ke5 44. Kd2 Kf4 45. Be2 Nc5 46. Rb2 Ne4+ 47. Kc2 Bd7 48. f3 Ba4+ 49. Kb1 Nxc3+ 50. Nxc3 Rxc3 51. Rb7 Ke3 52. Re7+ Kd2 53. Bf1 Rc1+ 0-1

[Event "Minsk rapid op3"]
[Site "Minsk"]
[Date "2018.06.29"]
[Round "8"]
[White "Khamitskiy, Sergei"]
[Black "Ianov, Viktor"]
[Result "0-1"]
[WhiteElo "2258"]
[BlackElo "2328"]
[PlyCount "98"]
[EventDate "2018.06.29"]
[EventType "swiss (rapid)"]
[EventRounds "9"]
[EventCountry "BLR"]
[SourceTitle "EXT 2021"]
[Source "ChessBase"]
[SourceDate "2020.10.23"]
[SourceVersion "1"]
[SourceVersionDate "2020.10.23"]
[SourceQuality "1"]

1. d4 d6 2. Nf3 Bg4 3. c4 Nd7 4. Nc3 e5 5. d5 Ngf6 6. Nd2 Nc5 7. h3 Bc8 8. e4 a5 9. Be2 Be7 10. Qc2 0-0 11. g4 Nfd7 12. Nf3 Nb6 13. Be3 Bd7 14. b3 Na6 15. a3 c6 16. Rc1 cxd5 17. cxd5 Rc8 18. Qb2 Nc5 19. 0-0 h5 20. b4 axb4 21. axb4 Nca4 22. Nxa4 Nxa4 23. Qb3 hxg4 24. hxg4 b5 25. Nd2 Bg5 26. Kg2 Qf6 27. Rh1 Bf4 28. Bxf4 Qxf4 29. Qh3 f6 30. Qe3 Qxe3 31. fxe3 Nc3 32. Bf3 Rc7 33. Nb3 Rfc8 34. Rhe1 Kf7 35. Rc2 Nxd5 36. Rxc7 Nxc7 37. Rd1 Ke7 38. Na5 Ne8 39. Be2 Rc2 40. Kf3 Rxe2 41. Kxe2 Bxg4+ 42. Kd2 Bxd1 43. Kxd1 Kd7 44. Ke2 Nc7 45. Kf3 Na6 46. Nb3 Nxb4 47. Kg4 g6 48. Kf3 Nc6 49. Ke2 Nb8 0-1

[Event "Minsk rapid op2"]
[Site "Minsk"]
[Date "2018.06.27"]
[Round "6"]
[White "Khamitskiy, Sergei"]
[Black "Pankratov, Oleg"]
[Result "0-1"]
[WhiteElo "2258"]
[BlackElo "2294"]
[PlyCount "94"]
[EventDate "2018.06.27"]
[EventType "swiss (rapid)"]
[EventRounds "9"]
[EventCountry "BLR"]
[SourceTitle "EXT 2021"]
[Source "ChessBase"]
[SourceDate "2020.10.23"]
[SourceVersion "1"]
[SourceVersionDate "2020.10.23"]
[SourceQuality "1"]

1. d4 Nf6 2. c4 c6 3. Nf3 d5 4. Nc3 dxc4 5. e3 b5 6. a4 b4 7. Na2 b3 8. Nc3 Ba6 9. Ne5 e6 10. Bxc4 Bxc4 11. Nxc4 Bb4 12. Qxb3 a5 13. 0-0 0-0 14. Rd1 Nbd7 15. Qc2 h6 16. e4 Qe7 17. Bf4 Ra7 18. Na2 Nh5 19. Be3 Raa8 20. Qe2 Nhf6 21. f3 c5 22. Nxb4 axb4 23. b3 cxd4 24. Bxd4 Nc5 25. Rab1 Rab8 26. Qf2 Rfc8 27. Bxc5 Rxc5 28. Rd3 Nh5 29. g3 Rg5 30. f4 Rc5 31. e5 Rd5 32. Rxd5 exd5 33. Rd1 dxc4 34. Qe2 g6 35. Qxc4 Qa7+ 36. Kg2 Ng7 37. Qc6 Qe3 38. Rd7 Qxb3 39. a5 Qa2+ 40. Kh3 Qxa5 41. Rxf7 Kxf7 42. Qf6+ Kg8 43. Qxg6 Qb6 44. Qe4 b3 45. f5 b2 46. f6 Qe6+ 47. Kh4 b1Q 0-1

[Event "Minsk rapid op2"]
[Site "Minsk"]
[Date "2018.06.27"]
[Round "5"]
[White "Minald, Andrey"]
[Black "Khamitskiy, Sergei"]
[Result "0-1"]
[WhiteElo "2082"]
[BlackElo "2258"]
[PlyCount "122"]
[EventDate "2018.06.27"]
[EventType "swiss (rapid)"]
[EventRounds "9"]
[EventCountry "BLR"]
[SourceTitle "EXT 2021"]
[Source "ChessBase"]
[SourceDate "2020.10.23"]
[SourceVersion "1"]
[SourceVersionDate "2020.10.23"]
[SourceQuality "1"]

1. d4 d5 2. Nf3 Nf6 3. h3 c5 4. c3 cxd4 5. cxd4 Nc6 6. Nc3 Bf5 7. e3 a6 8. Bd3 Bxd3 9. Qxd3 e6 10. a3 Rc8 11. Bd2 Be7 12. 0-0 0-0 13. b4 b5 14. Ne2 Nd7 15. a4 Qb6 16. Rfb1 Rfd8 17. Nc1 e5 18. dxe5 Ndxe5 19. Nxe5 Nxe5 20. Qe2 Nc4 21. Nb3 Bf6 22. Ra2 Re8 23. Qd3 Qc6 24. Nd4 Bxd4 25. Qxd4 Re4 26. Qd3 Rd8 27. Rc1 d4 28. axb5 axb5 29. f3 Re6 30. e4 Qd6 31. Be1 h6 32. Rca1 Rg6 33. Ra8 Rxa8 34. Rxa8+ Kh7 35. Bf2 Qxb4 36. Qxd4 Qb1+ 37. Kh2 Rd6 38. Qa7 Qb2 39. Bg3 Rd2 40. Qg1 Ne3 41. Qxe3 Rxg2+ 42. Kh1 Re2 43. Qg1 Qc3 44. Bf2 Qxf3+ 45. Qg2 Qxf2 46. Qxf2 Rxf2 47. Rb8 Re2 48. Rxb5 Rxe4 49. Kg2 Re6 50. Kg3 g6 51. Rb7 Kg7 52. Kg4 Re4+ 53. Kf3 Ra4 54. Rb6 Ra3+ 55. Kg4 Ra4+ 56. Kg3 g5 57. Rc6 f6 58. Rb6 Kg6 59. Rb5 Ra3+ 60. Kg2 h5 61. Rb2 g4 0-1

[Event "EU-ch 18th"]
[Site "Minsk"]
[Date "2017.05.30"]
[Round "1"]
[White "Prohaszka, Peter"]
[Black "Khamitskiy, Sergei"]
[Result "1-0"]
[WhiteElo "2596"]
[BlackElo "2287"]
[PlyCount "77"]
[EventDate "2017.05.30"]
[EventType "swiss"]
[EventRounds "11"]
[EventCountry "BLR"]
[SourceTitle "CBM 179"]
[Source "ChessBase"]
[SourceDate "2017.07.12"]
[SourceVersion "1"]
[SourceVersionDate "2017.07.12"]
[SourceQuality "1"]

1. d4 d5 2. Bf4 c5 3. e3 Nf6 4. c3 Nc6 5. Nd2 e6 6. Ngf3 Bd6 7. Bg3 0-0 8. Bb5 Bxg3 9. hxg3 Qb6 10. Qa4 cxd4 11. exd4 Bd7 12. 0-0 Ne5 13. Bxd7 Nexd7 14. Qb3 Qc7 15. a4 Ng4 16. Rfe1 Rae8 17. Re2 a6 18. a5 Kh8 19. Qb4 f5 20. Rae1 Rf6 21. Ng5 Nf8 22. Nxe6 Nxe6 23. Rxe6 Rfxe6 24. Rxe6 Qf7 25. Rxe8+ Qxe8 26. Nf3 h6 27. Ne5 Nxe5 28. dxe5 Qxe5 29. Qxb7 f4 30. Qc8+ Kh7 31. Qxa6 fxg3 32. Qd3+ Kg8 33. fxg3 Kf8 34. a6 Ke7 35. a7 Qe1+ 36. Qf1 Qe3+ 37. Qf2 Qc1+ 38. Kh2 Qa1 39. Qc5+ 1-0

[Event "BLR-chT"]
[Site "Minsk"]
[Date "2017.05.11"]
[Round "4.2"]
[White "Khamitskiy, Sergei"]
[Black "Sarichev, Sergey"]
[Result "1-0"]
[WhiteElo "2287"]
[BlackElo "2023"]
[PlyCount "133"]
[EventDate "2017.05.08"]
[EventType "team-swiss"]
[EventRounds "7"]
[EventCountry "BLR"]
[SourceTitle "CBM 178 Extra"]
[Source "ChessBase"]
[SourceDate "2017.06.22"]
[SourceVersion "1"]
[SourceVersionDate "2017.06.22"]
[SourceQuality "1"]
[WhiteTeam "Vector"]
[BlackTeam "Gambit"]
[WhiteTeamCountry "BLR"]
[BlackTeamCountry "BLR"]

1. d4 d5 2. c4 e6 3. g3 c5 4. Bg2 Nf6 5. Nf3 Be7 6. 0-0 0-0 7. dxc5 Bxc5 8. cxd5 exd5 9. Qc2 Be7 10. Rd1 Nc6 11. Nc3 Nb4 12. Qb1 Be6 13. a3 Nc6 14. Ng5 d4 15. Nxe6 fxe6 16. Qa2 Kh8 17. Qxe6 Qa5 18. Bxc6 dxc3 19. Bxb7 Rae8 20. Qa6 Qh5 21. Bf3 Ng4 22. Bxg4 Qxg4 23. Be3 cxb2 24. Rab1 Bf6 25. f3 Qh3 26. Bc5 Re6 27. Qd3 Rfe8 28. e4 Be5 29. Qf1 Qh5 30. Rd5 Qf7 31. Qd3 Qg6 32. Kg2 h6 33. Bd4 Bxd4 34. Rxd4 Rb6 35. Rb4 Qf6 36. Qe2 Ra6 37. Rb3 Qd6 38. Qxb2 Rd8 39. Rb8 Kh7 40. Rxd8 Qxd8 41. Qe5 Qd2+ 42. Kh3 Qd3 43. Qf5+ Rg6 44. Rc1 Qa6 45. g4 Qe6 46. Rc7 Qb6 47. Rc2 Qe6 48. Rd2 Qxf5 49. gxf5 Ra6 50. Rd3 Kg8 51. Kg4 Kf7 52. Rb3 Ra4 53. Kf4 Kf6 54. Rc3 Ke7 55. h4 Kd6 56. Kg4 Ke5 57. Rc6 Rxa3 58. Re6+ Kd4 59. Re7 Ra1 60. Kf4 Rh1 61. Rd7+ Kc5 62. Rxg7 a5 63. f6 Kd6 64. Kf5 Rxh4 65. e5+ Kd5 66. Rd7+ Kc6 67. Rd6+ 1-0

[Event "BLR-chT"]
[Site "Minsk"]
[Date "2017.05.10"]
[Round "3.1"]
[White "Filipets, Egor"]
[Black "Khamitskiy, Sergei"]
[Result "1-0"]
[WhiteElo "2328"]
[BlackElo "2287"]
[PlyCount "121"]
[EventDate "2017.05.08"]
[EventType "team-swiss"]
[EventRounds "7"]
[EventCountry "BLR"]
[SourceTitle "CBM 178 Extra"]
[Source "ChessBase"]
[SourceDate "2017.06.22"]
[SourceVersion "1"]
[SourceVersionDate "2017.06.22"]
[SourceQuality "1"]
[WhiteTeam "Minsk Grand"]
[BlackTeam "Vector"]
[WhiteTeamCountry "BLR"]
[BlackTeamCountry "BLR"]

1. d4 d5 2. Nf3 Nf6 3. c4 dxc4 4. e3 Bg4 5. Bxc4 e6 6. 0-0 a6 7. h3 Bh5 8. Be2 c5 9. b3 Nc6 10. Bb2 Rc8 11. Nbd2 cxd4 12. Nxd4 Bxe2 13. Qxe2 Nxd4 14. Bxd4 Bc5 15. Nc4 Bxd4 16. Rad1 0-0 17. Rxd4 Qe7 18. e4 Rfd8 19. Rxd8+ Rxd8 20. e5 Nd5 21. Nd6 Rd7 22. Qg4 Rc7 23. Rd1 h6 24. Ne4 Nc3 25. Rd6 Nxe4 26. Qxe4 g6 27. h4 Kg7 28. g3 h5 29. Qd4 Qe8 30. Qf4 Qe7 31. Qd2 Qe8 32. a4 Qe7 33. Kh2 Kh7 34. Qd4 Kg7 35. b4 Qe8 36. Rd8 Qe7 37. Rd6 Qe8 38. Qf4 Rd7 39. Qd2 Rc7 40. Qd4 Qxa4 41. g4 hxg4 42. Qf4 g3+ 43. Kxg3 Rc3+ 44. Kh2 Rc8 45. h5 Qe8 46. Qf6+ Kg8 47. Rd3 Qf8 48. hxg6 Qg7 49. gxf7+ Qxf7 50. Rg3+ Kf8 51. Qh6+ Ke8 52. Qh8+ Ke7 53. Qh4+ Kd7 54. Qd4+ Ke7 55. Kg2 Rd8 56. Qh4+ Ke8 57. Qh6 Rd4 58. Rg7 Qf5 59. Qh8+ Qf8 60. Qh5+ Kd8 61. Qg5+ 1-0

[Event "Bialystok Zamenhof Memorial 35th"]
[Site "Bialystok"]
[Date "2016.12.31"]
[Round "9"]
[White "Khamitskiy, Sergei"]
[Black "Socko, Bartosz"]
[Result "0-1"]
[WhiteElo "2290"]
[BlackElo "2613"]
[PlyCount "100"]
[EventDate "2016.12.27"]
[EventType "swiss (rapid)"]
[EventRounds "9"]
[EventCountry "POL"]
[SourceTitle "CBM 176 Extra"]
[Source "ChessBase"]
[SourceDate "2017.03.02"]
[SourceVersion "1"]
[SourceVersionDate "2017.03.02"]
[SourceQuality "1"]

1. d4 Nf6 2. c4 e6 3. g3 c5 4. d5 exd5 5. cxd5 d6 6. Nc3 g6 7. Bg2 Bg7 8. Nf3 0-0 9. 0-0 Re8 10. Bf4 Bf5 11. Nh4 Bc8 12. Nf3 Ne4 13. Nxe4 Rxe4 14. Nd2 Rxf4 15. gxf4 Bxb2 16. Rb1 Bg7 17. Re1 Na6 18. e4 Nb4 19. Rxb4 cxb4 20. e5 Bf5 21. Nc4 Bf8 22. Ne3 Bd7 23. e6 fxe6 24. dxe6 Bxe6 25. Bd5 Bxd5 26. Qxd5+ Kh8 27. f5 Qg5+ 28. Kh1 Re8 29. Rg1 Qf6 30. Ng4 Qc3 31. fxg6 Qc6 32. Nf6 Qxd5+ 33. Nxd5 hxg6 34. Rxg6 a5 35. Nf6 Re1+ 36. Kg2 Bg7 37. Nh5 Bc3 38. f4 Re2+ 39. Kf3 Rxa2 40. Rh6+ Kg8 41. Rxd6 b3 42. Rd8+ Kf7 43. Rd7+ Ke6 44. Rxb7 b2 45. f5+ Kd6 46. Ng3 Bb4 47. Ne4+ Kc6 48. Rxb4 axb4 49. Nd2 b1Q 50. Nxb1 Rb2 0-1

[Event "Bialystok Zamenhof Memorial 35th"]
[Site "Bialystok"]
[Date "2016.12.30"]
[Round "7"]
[White "Khamitskiy, Sergei"]
[Black "Luba, Lukasz"]
[Result "1-0"]
[WhiteElo "2290"]
[BlackElo "2114"]
[PlyCount "179"]
[EventDate "2016.12.27"]
[EventType "swiss (rapid)"]
[EventRounds "9"]
[EventCountry "POL"]
[SourceTitle "CBM 176 Extra"]
[Source "ChessBase"]
[SourceDate "2017.03.02"]
[SourceVersion "1"]
[SourceVersionDate "2017.03.02"]
[SourceQuality "1"]

1. d4 g6 2. e4 Bg7 3. c4 d6 4. Nc3 Nd7 5. Nf3 c6 6. h3 a6 7. Be3 b5 8. a3 Rb8 9. Qd2 Nb6 10. b3 Bd7 11. Rc1 Na8 12. Be2 Nc7 13. 0-0 h6 14. e5 d5 15. Bd3 Be6 16. cxb5 cxb5 17. Na2 Qd7 18. Qa5 Rb7 19. Rc2 Kf8 20. Rfc1 Ne8 21. Qxa6 g5 22. Qc6 Qxc6 23. Rxc6 Bd7 24. R6c5 e6 25. Bd2 Ne7 26. Bb4 Kg8 27. R5c2 Bf8 28. g3 Kg7 29. Bc5 Ng6 30. Nb4 Bxc5 31. Rxc5 Ne7 32. Na6 Rg8 33. R5c2 Rb6 34. Nc5 Bc6 35. a4 bxa4 36. bxa4 Nc7 37. a5 Rb4 38. Nd7 Nb5 39. Rxc6 Nxc6 40. Rxc6 Nxd4 41. Nxd4 Rxd4 42. Bf1 Ra4 43. a6 Rd8 44. Rc7 Ra3 45. Nb6 d4 46. a7 d3 47. Bxd3 Rdxd3 48. a8Q Rxa8 49. Nxa8 Rd5 50. Nb6 Rxe5 51. Nc4 Rd5 52. Ne3 Rb5 53. Kg2 h5 54. Rd7 Kg6 55. Nc4 Rc5 56. Nd2 g4 57. h4 Re5 58. Rd8 Kg7 59. Nc4 Rf5 60. Nb2 e5 61. Re8 f6 62. Re7+ Kg6 63. Nc4 Kh6 64. Nd6 Rf3 65. Kf1 Kg6 66. Ke2 Ra3 67. Ne8 Ra2+ 68. Kf1 Ra1+ 69. Kg2 Ra6 70. Rg7+ Kh6 71. Rd7 Re6 72. Ng7 Ra6 73. Nf5+ Kg6 74. Ne7+ Kf7 75. Nc8+ Kg6 76. Rd6 Ra3 77. Ne7+ Kf7 78. Nd5 Rf3 79. Ra6 Kg7 80. Rc6 Kg6 81. Kf1 Kg7 82. Ke2 Kf7 83. Rd6 Kg7 84. Rd7+ Kg6 85. Rc7 Kf5 86. Rc6 e4 87. Ne3+ Ke5 88. Rc5+ Ke6 89. Rxh5 f5 90. Rxf5 1-0

[Event "Bialystok Zamenhof Memorial 35th"]
[Site "Bialystok"]
[Date "2016.12.29"]
[Round "5"]
[White "Khamitskiy, Sergei"]
[Black "Kowalski, Igor"]
[Result "1-0"]
[WhiteElo "2290"]
[BlackElo "2129"]
[PlyCount "73"]
[EventDate "2016.12.27"]
[EventType "swiss (rapid)"]
[EventRounds "9"]
[EventCountry "POL"]
[SourceTitle "CBM 176 Extra"]
[Source "ChessBase"]
[SourceDate "2017.03.02"]
[SourceVersion "1"]
[SourceVersionDate "2017.03.02"]
[SourceQuality "1"]

1. d4 Nf6 2. c4 e6 3. g3 c5 4. d5 exd5 5. cxd5 d6 6. Nc3 g6 7. Bg2 Bg7 8. Nf3 0-0 9. 0-0 Re8 10. h3 b6 11. Re1 Ne4 12. Nxe4 Rxe4 13. Nd2 Re8 14. Ne4 Bf5 15. Nc3 Na6 16. e4 Bd7 17. Bf4 b5 18. Bf1 c4 19. a4 b4 20. Nb5 Bxb5 21. axb5 Nc5 22. e5 dxe5 23. Be3 Nd3 24. Bxd3 cxd3 25. Qxd3 Qd7 26. d6 e4 27. Qd5 Bxb2 28. Ra6 Bc3 29. Rd1 Bf6 30. b6 b3 31. Rxa7 Rxa7 32. bxa7 Qa4 33. d7 Rf8 34. d8Q Rxd8 35. Qxd8+ Bxd8 36. Rxd8+ Kg7 37. a8Q 1-0

[Event "Bialystok Zamenhof Memorial 35th"]
[Site "Bialystok"]
[Date "2016.12.27"]
[Round "1"]
[White "Khamitskiy, Sergei"]
[Black "Chylewski, Patryk"]
[Result "1-0"]
[WhiteElo "2290"]
[BlackElo "2042"]
[PlyCount "87"]
[EventDate "2016.12.27"]
[EventType "swiss (rapid)"]
[EventRounds "9"]
[EventCountry "POL"]
[SourceTitle "CBM 176 Extra"]
[Source "ChessBase"]
[SourceDate "2017.03.02"]
[SourceVersion "1"]
[SourceVersionDate "2017.03.02"]
[SourceQuality "1"]

1. d4 Nf6 2. c4 e6 3. g3 d5 4. Bg2 Bb4+ 5. Nd2 0-0 6. Ngf3 b6 7. cxd5 exd5 8. 0-0 Bb7 9. Ne5 Nbd7 10. Ndf3 Re8 11. Bf4 Bf8 12. Qc2 c5 13. Ng5 Nxe5 14. dxe5 Ne4 15. Nxe4 dxe4 16. Bxe4 Bxe4 17. Qxe4 Qe7 18. h4 g6 19. Rfd1 Bg7 20. Rd5 f6 21. Rad1 fxe5 22. Rd7 Qf8 23. Bg5 Kh8 24. R1d6 Qf5 25. Qxf5 gxf5 26. Bf6 Bxf6 27. Rxf6 Red8 28. Re7 Rd2 29. Rff7 Rad8 30. Rxh7+ Kg8 31. Reg7+ Kf8 32. Rxa7 Kg8 33. Rag7+ Kf8 34. h5 R8d6 35. Rb7 Kg8 36. Rhc7 f4 37. h6 fxg3 38. Rg7+ Kf8 39. Rbf7+ Ke8 40. h7 Rh6 41. Re7+ Kd8 42. Ra7 gxf2+ 43. Kxf2 Rh2+ 44. Kg3 1-0

[Event "Polanica Zdroj op-B 49th"]
[Site "Polanica Zdroj"]
[Date "2013.08.??"]
[Round "1"]
[White "Khamitskiy, Sergei"]
[Black "Faron, Rafal"]
[Result "1-0"]
[WhiteElo "2278"]
[BlackElo "2011"]
[PlyCount "77"]
[EventDate "2013.08.17"]
[EventType "swiss"]
[EventRounds "9"]
[EventCountry "POL"]
[SourceTitle "CBM 156 Extra"]
[Source "ChessBase"]
[SourceDate "2013.10.22"]
[SourceVersion "1"]
[SourceVersionDate "2013.10.22"]
[SourceQuality "1"]

1. d4 Nf6 2. c4 g6 3. Nc3 d5 4. Bf4 Bg7 5. e3 0-0 6. Rc1 dxc4 7. Bxc4 c5 8. dxc5 Qa5 9. Nge2 Qxc5 10. Qb3 Qa5 11. 0-0 Nc6 12. Rfd1 Qh5 13. Qb5 e5 14. Bg3 a6 15. Qb6 Qg4 16. Bb3 Nd7 17. Qc7 Nc5 18. h3 Qh5 19. Bd5 Ne6 20. Qb6 Ng5 21. h4 Ne6 22. Bf3 Qh6 23. Nd5 f5 24. Rxc6 bxc6 25. Ne7+ Kh8 26. Bxc6 f4 27. Bxa8 fxg3 28. Nxg3 Qxh4 29. Nxc8 Rxc8 30. Bb7 Re8 31. Qc6 Qe7 32. Bxa6 Nc5 33. Bb5 Rf8 34. b4 Ne6 35. Bc4 Nd8 36. Qd6 Qa7 37. Qxd8 Rxd8 38. Rxd8+ Bf8 39. Rxf8+ 1-0

[Event "Polanica Zdroj op-B 49th"]
[Site "Polanica Zdroj"]
[Date "2013.08.??"]
[Round "7"]
[White "Khamitskiy, Sergei"]
[Black "Szybka, Andrzej"]
[Result "1-0"]
[WhiteElo "2278"]
[BlackElo "1999"]
[PlyCount "57"]
[EventDate "2013.08.17"]
[EventType "swiss"]
[EventRounds "9"]
[EventCountry "POL"]
[SourceTitle "CBM 156 Extra"]
[Source "ChessBase"]
[SourceDate "2013.10.22"]
[SourceVersion "1"]
[SourceVersionDate "2013.10.22"]
[SourceQuality "1"]

1. d4 d5 2. c4 c6 3. Nf3 e6 4. g3 Nf6 5. Bg2 Ne4 6. 0-0 f5 7. Ne5 Nf6 8. Nc3 Nbd7 9. Bg5 Be7 10. Qc2 Nxe5 11. dxe5 Ne4 12. Bxe7 Qxe7 13. Nxe4 fxe4 14. f3 exf3 15. Rxf3 Qc5+ 16. Kh1 Bd7 17. Qb3 0-0-0 18. cxd5 exd5 19. Rc3 Qd4 20. e4 Be6 21. Rd1 Qxe5 22. exd5 Qd6 23. Bf3 Bf7 24. Qa4 Qc7 25. Qxa7 h5 26. d6 Qb8 27. Rxc6+ bxc6 28. d7+ Rxd7 29. Qxd7# 1-0

[Event "Polanica Zdroj op-B 49th"]
[Site "Polanica Zdroj"]
[Date "2013.08.??"]
[Round "9"]
[White "Khamitskiy, Sergei"]
[Black "Tiba, Vladyslav"]
[Result "0-1"]
[WhiteElo "2278"]
[BlackElo "2260"]
[PlyCount "72"]
[EventDate "2013.08.17"]
[EventType "swiss"]
[EventRounds "9"]
[EventCountry "POL"]
[SourceTitle "CBM 156 Extra"]
[Source "ChessBase"]
[SourceDate "2013.10.22"]
[SourceVersion "1"]
[SourceVersionDate "2013.10.22"]
[SourceQuality "1"]

1. d4 d5 2. c4 dxc4 3. Nf3 Nf6 4. Nc3 c5 5. d5 e6 6. e4 exd5 7. e5 Ne4 8. Nxd5 b5 9. b3 Be6 10. bxc4 Nc6 11. Bd3 Qa5+ 12. Kf1 Nc3 13. Qe1 bxc4 14. Bd2 cxd3 15. Bxc3 Qd8 16. Nf4 Qd7 17. Rd1 c4 18. Qe4 Rd8 19. Nxe6 Qxe6 20. Nd2 Rc8 21. f4 Nb4 22. f5 Qd5 23. a3 Qxe4 24. Nxe4 Nd5 25. Kf2 Nxc3 26. Nxc3 Bxa3 27. Kf3 0-0 28. Nb5 Bc5 29. Rc1 a6 30. Nc3 Rfd8 31. Rhd1 Bb4 32. Ke4 Re8 33. Nd5 Ba3 34. Nb6 Bxc1 35. Rxc1 d2 36. Rd1 c3 0-1

[Event "Polanica Zdroj op-B 49th"]
[Site "Polanica Zdroj"]
[Date "2013.08.??"]
[Round "8"]
[White "Kowalczyk, Rafal"]
[Black "Khamitskiy, Sergei"]
[Result "1/2-1/2"]
[WhiteElo "2135"]
[BlackElo "2278"]
[PlyCount "177"]
[EventDate "2013.08.17"]
[EventType "swiss"]
[EventRounds "9"]
[EventCountry "POL"]
[SourceTitle "CBM 156 Extra"]
[Source "ChessBase"]
[SourceDate "2013.10.22"]
[SourceVersion "1"]
[SourceVersionDate "2013.10.22"]
[SourceQuality "1"]

1. d4 d5 2. c4 dxc4 3. e4 c5 4. d5 Nf6 5. Nc3 b5 6. Bf4 Ba6 7. e5 b4 8. exf6 bxc3 9. bxc3 Qa5 10. Qf3 Nd7 11. fxe7 Bxe7 12. d6 Bd8 13. Qe4+ Kf8 14. Rc1 Rb8 15. Nf3 Bf6 16. Qc2 Qa3 17. Be2 Rb2 18. Qe4 Bxc3+ 19. Nd2 Bf6 20. Bxc4 g5 21. Qd5 Bxc4 22. Nxc4 Qxa2 23. Be3 Re2+ 24. Kf1 Rc2 25. Rxc2 Qxc2 26. g3 Kg7 27. Bxg5 Re8 28. Bxf6+ Kxf6 29. Qf3+ Qf5 30. Kg2 Qxf3+ 31. Kxf3 Ne5+ 32. Nxe5 Rxe5 33. Rd1 Re8 34. Ra1 Rd8 35. Rxa7 Rxd6 36. Rc7 Rd5 37. h4 h5 38. Rc6+ Ke7 39. Ke4 Rd4+ 40. Ke5 Rd2 41. Rc7+ Kf8 42. f4 Kg7 43. Rxc5 Rd3 44. Ke4 Rxg3 45. Rxh5 Kg6 46. Rc5 Rh3 47. Rg5+ Kh6 48. Rg4 Ra3 49. Kf5 Ra6 50. Rg8 Kh7 51. Rg5 Kh6 52. Kg4 f6 53. Rb5 Kg6 54. h5+ Kh6 55. Rb8 Kg7 56. Rb5 Kh6 57. Kf5 Kxh5 58. Rb7 Kh6 59. Rf7 Ra5+ 60. Kxf6 Ra6+ 61. Ke7 Ra7+ 62. Ke6 Ra6+ 63. Kf5 Ra5+ 64. Kg4 Kg6 65. Rb7 Ra6 66. Rb1 Kf6 67. Rh1 Kg7 68. Kg5 Ra5+ 69. f5 Ra6 70. Re1 Kf7 71. Rb1 Rc6 72. Rb5 Ra6 73. Rb7+ Kf8 74. Rh7 Kg8 75. Re7 Kf8 76. Re5 Kf7 77. Rb5 Rc6 78. Rb7+ Kf8 79. Rd7 Ra6 80. Kf4 Ra4+ 81. Ke5 Ra5+ 82. Rd5 Rxd5+ 83. Kxd5 Kf7 84. Ke5 Ke7 85. f6+ Kf7 86. Kf5 Kf8 87. Kg6 Kg8 88. f7+ Kf8 89. Kf6 1/2-1/2